Statistics for Popular songs 2018

Click here to take the quiz!

General Stats

  • This quiz has been taken 468 times
  • The average score is 8 of 19

Answer Stats

HintAnswer% Correct
one taught me love, one taught me patiencethank u, next
78%
She say, "Do you love me?" I tell her, "Only partly"Gods plan
68%
Kiki, do you love me?In my feelings
58%
I still see your shadows in my room, can't take back the love that I gave youLucid dreams
55%
I said I'd catch you if you fall, and if they laugh then f**k em allWithout me
51%
You only say that 'cause I'm not around, not aroundBetter now
48%
I like those Balenciagas, the ones that look like socksI like it
48%
cause ____ ___ ___run round with guys like me till sundownGirls like you
45%
You so f*****n precious when you smileMine
45%
right now I'm in a state of mind, I wanna be in like all the timeno tears left to cry
45%
You decide, if you're ever gonna let me know, yeah Suicide, if you ever try to let go, uhSAD!
44%
Mama said don't give up, it's a little complicatedHigh hopes
43%
Time flies by in the yellow and greenShotgun
35%
When I was young, I fell in love. We used to hold hands, man, that was enoughEastside
33%
but only for a minute, I want to change my mind cause this just don't feel right to meHappier
32%
Tell me something, boy aren't you tired tryin' to fill that void?Shallows
27%
yeah you used to call me baby now you're calling me by nameYoungblood
26%
Tore my shirt to stop you bleedin' But nothin' ever stops you leavin'When the party's over
18%
But I got an idea and I know that it sounds crazy, but I just wanna see yaLost in Japan
11%

Score Distribution

Percentile by Number Answered

Percent of People with Each Score

Your Score History

You have not taken this quiz